| 000 | 00699nam a2200229 a 4500 | ||
|---|---|---|---|
| 001 | 00011863 | ||
| 008 | 110328s2005 a g 000 0 eng d | ||
| 020 |
_a0470021985 : _cTk.4325.00 |
||
| 040 |
_aBD-DhIUB _cBD-DhIUB |
||
| 082 | 0 | 4 |
_a174.957 _219 |
| 100 | 1 | _aBryant, John | |
| 245 | 0 | 0 |
_aIntroduction to Bioethics / _cJohn Bryant, Linda Baggott la Velle, John Searle |
| 250 | _a1st ed. | ||
| 260 |
_aChichester : _bJohn Wiley and Sons,Limited, _c2005. |
||
| 300 |
_ax, 240p. : _billus ; _c24cm |
||
| 520 | 0 | _aGeneral Collection | |
| 556 | _a2007\06\24 | ||
| 650 | 1 | 7 |
_aBioethics _2Spines |
| 700 | 1 | _aVelle, Linda Baggott la | |
| 700 | 1 | _aSearle, John | |
| 999 |
_c1016 _d1016 |
||